Name those Components - Statistics

General Stats
  • This quiz has been taken 5 times
  • The average score is 4 of 8
Answer Stats
Picture Answer % Correct
CPU
100%
CMOS Battery
67%
RAM
67%
SSD
67%
BIOS CHIPS
33%
HDD
33%
M.2
33%
SO-DIMM
33%
No matching quizzes found
Score Distribution
Percent of People with Each Score
Percentile by Number Answered
Your Score History
You have not taken this quiz